00834naa a22002177i 4500001000700000003000900007005001700016008004100033040001300074100003200087245012400119504004100243610002200284610004100306610002500347650001900372650002200391650003200413650002700445773014400472232416ES-MaBCM20260219173857.0260219s2023 sp ||||| |||| 00| 0 spa d cES-MaBCM1 aTrujillo del Arco, Ángela13aLa lucha contra la pena capital en el Consejo de Europa y las obligaciones para los EstadoscÁngela Trujillo del Arco aIncluye referencias bibliográficas27aConsejo de Europa27aTribunal Europeo de Derechos Humanos27aConvención Europea 7aPena de muerte 7aDerecho a la vida 7aDerecho penal internacional 7aAplicación de la ley0 dValencia : Tirant lo Blanch , 2023gp. [223]-255 - Loc. 62618tLa crueldad en las constituciones y en los convenios internacionalesw225307